000
00240 a2200109 4500
001
51158
040
_c
Anchieta - Pituba
240
1
0
_a
Magnet
_l
245
1
0
_a
Magnet
650
4
_a
Línguas germânicas (teutônicas) língua alemã
942
_c
MX
999
_c
51158
_d
51158